jujutsu kaisen quiz 2024 (manga edition) - Statistics

General Stats
  • This quiz has been taken 747 times
  • The average score is 27 of 45
Answer Stats
clues Answer % Correct
the most powerful jujutsu sorcerer of modern era gojo
99%
main character who eats finger yuji
99%
10 shadow user megumi
98%
villain who possesses theone who eats his fingers sukuna
98%
father of 10 shadow user whohas a heavenly pact toji
94%
office worker who turned sorcerer again nanami
92%
hairpin technique nobara
92%
he can swallow curses and use them as artillery geto
91%
has the ability to manipulate blood choso
89%
he possesses people by taking controlof their brain kenjaku
89%
he touches you and your gonna become an alien mahito
86%
he has unlimited cursed energy yuta
86%
almost kills her entire family becausethey grounded her maki
83%
medical expert of jujutsu high shoko
83%
claps to teleport todo
82%
1 of the 10 shikigami who fought the king of curses mahoraga
79%
Queen of curses rika
74%
has the ability to manipulate mass yuki
72%
loves nature hanami
67%
sukuna's right hand lady uraume
67%
dances during battle hakari
65%
he belongs on an island jogo
62%
blue hair depression miwa
62%
he is the island dagon
59%
jujutsu kaisen iron man mechamaru
59%
former strongest of his era kashimo
58%
tries to kill his cousin naoya
55%
teacher of kyoto high school utahime
52%
principal of jujutsu high yaga
52%
she only liked the dosh mei mei
51%
says what he wants and he gets inumaki
48%
helped break the honoured one out of the prison realm angel
45%
harry potter girl mo mo
44%
bullied and abused junpei
42%
clown that laughs takaba
41%
express. panda
40%
rockstar principal gakuganji
36%
the user of the black rod miguel
36%
sky manipulation technique uro
28%
strong villain who dominated the cullen games ryu
24%
annoying character during the shibuyaarc, thought he would survive haruta
23%
powerful sorcerer who decides your fatevia trial higoruma
7%
fastest in the zenin clan nobito
5%
master swordsman in jujutsu kaisen kusekabe
2%
had one of the craziest techniques but she was a waste of talent yurosu
1%
No matching quizzes found
Score Distribution
Percent of People with Each Score
Percentile by Number Answered
Your Score History
You have not taken this quiz